000 00796nam a22002175i 4500
001 152279
003 ES-MaACL
005 20230906204623.0
008 991015m18811882it |||| | ita d
040 _aM-RAJU
_bspa
_cM-RAJU
_dCCPB | B
100 1 _aBoccardo, Gerolamo.
_929664
245 1 0 _aDizionario universale di economia politica e comercio /
_cGerolamo Boccardo.
250 _a3. ed. rev.
260 _aMilano :
_bFratelli Treves, editori,
_c1881-1882.
300 _a2 v. ;
_c25 cm.
650 4 _aEconomía-
_vDiccionarios.
_9221831
650 4 _aComercio-
_vDiccionarios.
_9221834
752 _aItalia -
_dMilán
852 _aES-MaACL
_jB-11630
_z-- Enc. hol.
_q-- Sólo t.I (XXIII, 1136 p.)
_x-- Edic.: Corregir en el tit.: "commercio" en vez de "comercio"
999 _c152279
_d152279